[Event "Int. Stuttgarter Stadtmeisterschaft B"]
[Site "Ditzingen"]
[Date "2018.05.13"]
[Round "7.18"]
[White "Strauss, Martin"]
[Black "Rashba, David"]
[Result "0-1"]
[WhiteElo "1810"]
[BlackElo "1699"]
[PlyCount "76"]
[EventDate "2018.??.??"]
[WhiteTeam "SC Sillenbuch"]
[BlackTeam "SC Sillenbuch"]

1. e4 c6 2. d4 d5 3. exd5 cxd5 4. c4 Nf6 5. Nc3 Bg4 6. Be2 Bxe2 7. Ngxe2 e6 8.
Qb3 dxc4 9. Qxb7 Nbd7 10. Bf4 a6 11. O-O Be7 12. Rac1 O-O 13. Na4 Qc8 14. Qf3
Nd5 15. b3 Nxf4 16. Qxf4 c3 17. Rxc3 Qd8 18. Qc1 Nf6 19. Nc5 Nd5 20. Rc4 Nb6
21. Rc2 Nd5 22. Nd3 h6 23. Ne5 Bg5 24. f4 Nxf4 25. Qd1 Nxe2+ 26. Rxe2 Bf6 27.
Nf3 Qb6 28. Rd2 Rad8 29. Re1 Rd5 30. Kh1 Rfd8 31. Re4 Qd6 32. g3 Qd7 33. Qf1
Qd6 34. Rf2 Rd7 35. Rf4 Bxd4 36. Nxd4 Rxd4 37. Rxd4 Qxd4 38. Qxa6 Qxf2 0-1

[Event "Int. Stuttgarter Stadtmeisterschaft B"]
[Site "Ditzingen"]
[Date "2018.05.13"]
[Round "7.19"]
[White "Lerner, Jürgen"]
[Black "Kobald, Matthias"]
[Result "1/2-1/2"]
[WhiteElo "1872"]
[BlackElo "1705"]
[PlyCount "45"]
[EventDate "2018.??.??"]
[WhiteTeam "SC Ãœberlingen"]
[BlackTeam "SV Stuttgart-Wolfbusch"]

1. d4 c5 2. d5 e5 3. c4 d6 4. e4 Be7 5. Nc3 Bg5 6. Bxg5 Qxg5 7. Nf3 Qe7 8. Qa4+
Bd7 9. Qb3 Bc8 10. a4 a6 11. Be2 Nf6 12. a5 Nbd7 13. O-O O-O 14. Nd2 Rb8 15.
Na4 Qd8 16. Nc3 b6 17. Ra2 bxa5 18. Qc2 Ne8 19. Bg4 Qg5 20. Bh3 Nef6 21. Nf3
Qg6 22. Nh4 Qg5 23. Nf3 1/2-1/2

[Event "Int. Stuttgarter Stadtmeisterschaft B"]
[Site "Ditzingen"]
[Date "2018.05.13"]
[Round "7.20"]
[White "Eberhard, Michael"]
[Black "Reichardt, Bernd"]
[Result "1/2-1/2"]
[WhiteElo "1702"]
[BlackElo "1779"]
[PlyCount "42"]
[EventDate "2018.??.??"]
[WhiteTeam "Heilbronner SV"]
[BlackTeam "SF Markgräflerland"]

1. d4 e6 2. c4 c5 3. Nf3 Nf6 4. e3 b6 5. Be2 Bb7 6. O-O d5 7. Nc3 Be7 8. b3 O-O
9. cxd5 exd5 10. Bb2 cxd4 11. Nxd4 Nc6 12. Nxc6 Bxc6 13. Bf3 Qd6 14. Qc2 Rfd8
15. Rfd1 Qe6 16. Ne2 Qc8 17. Rac1 Bb7 18. Nf4 Qd7 19. Qc7 Bd6 20. Qxd7 Nxd7 21.
Nxd5 Nc5 1/2-1/2